Kali Linux Cookbook : (Record no. 211190)
[ view plain ]
| 000 -LEADER | |
|---|---|
| fixed length control field | 01133 a2200205 4500 |
| 003 - CONTROL NUMBER IDENTIFIER | |
| control field | Nust |
| 005 - DATE AND TIME OF LATEST TRANSACTION | |
| control field | 20221019124356.0 |
| 020 ## - INTERNATIONAL STANDARD BOOK NUMBER | |
| International Standard Book Number | 9781783289592 |
| 035 ## - SYSTEM CONTROL NUMBER | |
| System control number | (WaSeSS)ssib015890443 |
| 040 ## - CATALOGING SOURCE | |
| Transcribing agency | Nust |
| 082 ## - DEWEY DECIMAL CLASSIFICATION NUMBER | |
| Classification number | 005.8,PRI |
| 100 1# - MAIN ENTRY--PERSONAL NAME | |
| Personal name | Pritchett, Willie L. |
| 9 (RLIN) | 95139 |
| 245 10 - TITLE STATEMENT | |
| Title | Kali Linux Cookbook : |
| Remainder of title | Quick Answers to Common Problems / |
| Statement of responsibility, etc. | Willie L. Pritchett, and David De Smet. |
| 260 ## - PUBLICATION, DISTRIBUTION, ETC. | |
| Linkage | UK |
| Place of publication, distribution, etc. | Packt |
| Name of publisher, distributor, etc. | 2013 |
| 300 ## - PHYSICAL DESCRIPTION | |
| Extent | 243 P.: |
| 505 ## - FORMATTED CONTENTS NOTE | |
| Formatted contents note | Up and running with Kali Linux (Page-5), Customizing Kali Linux (Page-31), Advanced testing lab (Page-47), Information gathering (Page-67), Vulnerability assessment (Page-93), Exploiting vulnerabilities (Page-141), Escalating privileges (Page-171), Password attack (Page-191), Wireless attacks (Page-219). |
| 600 ## - SUBJECT ADDED ENTRY--PERSONAL NAME | |
| Personal name | David De Smet. |
| 9 (RLIN) | 95140 |
| 856 40 - ELECTRONIC LOCATION AND ACCESS | |
| Uniform Resource Identifier | <a href="http://sfxeu10.hosted.exlibrisgroup.com/sfxjon/?url_ver=Z39.88-2004&ctx_ver=Z39.88-2004&ctx_enc=info:ofi/enc:UTF-8&rfr_id=info:sid/sfxit.com:opac_856&url_ctx_fmt=info:ofi/fmt:kev:mtx:ctx&sfx.ignore_date_threshold=1&rft.object_id=2550000001131457&svc_val_fmt=info:ofi/fmt:kev:mtx:sch_svc&">http://sfxeu10.hosted.exlibrisgroup.com/sfxjon/?url_ver=Z39.88-2004&ctx_ver=Z39.88-2004&ctx_enc=info:ofi/enc:UTF-8&rfr_id=info:sid/sfxit.com:opac_856&url_ctx_fmt=info:ofi/fmt:kev:mtx:ctx&sfx.ignore_date_threshold=1&rft.object_id=2550000001131457&svc_val_fmt=info:ofi/fmt:kev:mtx:sch_svc&</a> |
| 942 ## - ADDED ENTRY ELEMENTS (KOHA) | |
| Source of classification or shelving scheme | |
| Koha item type | Book |
| Call number prefix | 005.8,PRI |
| Withdrawn status | Lost status | Source of classification or shelving scheme | Damaged status | Not for loan | Permanent Location | Current Location | Shelving location | Date acquired | Total Checkouts | Full call number | Barcode | Date last seen | Date last checked out | Price effective from | Koha item type | Public note |
|---|---|---|---|---|---|---|---|---|---|---|---|---|---|---|---|---|
| Military College of Signals (MCS) | Military College of Signals (MCS) | General Stacks | 12/12/2016 | 3 | 005.8,PRI | MCS37108 | 12/05/2024 | 10/17/2024 | 12/12/2016 | Book | Almirah No.9, Shelf No.2 | |||||
| Military College of Signals (MCS) | Military College of Signals (MCS) | Reference | 12/12/2016 | 005.8,PRI | MCS37109 | 12/08/2016 | 12/12/2016 | Book | Almirah No.18, Shelf No.3 |
